Statistiques concernant Scottsbury Culture Quiz 16

Cliquez ici pour prendre le quiz!

Statistiques générales

  • Ce quiz a été pris 25 fois
  • Le résultat moyen est 6 sur 14

Statistiques - réponses

QuestionsIndicesRéponses% Correct
Souvent confronté à l'inspecteur Herlock Sholmès, quel gentleman cambrioleur de fiction fut créé par Maurice Leblanc ?Arsène LUPIN
85%
Quel terme peut désigner la messagère des dieux dans la mythologie grecque, une fleur ou une partie de l'oeil, entourant la pupille ?Iris
85%
Dans quel roman de Victor Hugo rencontre t-on les personnages de Quasimodo et Esmeralda ?Notre-Dame de Paris
85%
Quel nom porte un mot formé avec les lettres d'un premier mot mais disposé dans un ordre différent ?Une anagramme
80%
Quelle athlète française, spécialiste du sprint, est toujours, depuis 1998, détentrice du record d'Europe du 100m ?Christine .....Christine ARRON
70%
Quelle chanson de Renaud sert de titre à un film de Michel Blanc, sorti en 1984 ?M..... à l'o....Marche à l'ombre
65%
De quel vice-amiral, né en 1758, peut-on voir la statue au sommet d'une colonne dominant Trafalgar Square ?Horatio ......Horatio NELSON
55%
Quel acteur est, en 2001, le premier acteur étranger à recevoir le César du meilleur acteur pour son rôle dans "Harry, un ami qui vous veut du bien" ?Sergi .....Sergi LOPEZ
35%
Quel pavillon de chasse, situé à Versailles, sert traditionnellement de résidence secondaire au Premier Ministre Français ?La L.......La Lanterne
30%
Né au Havre en 1901, quel peintre, théoricien de l'art brut, est l'auteur d'une série d’œuvres qu'il regroupera sous le nom de "L'Hourloupe" ?Jean D.......Jean DUBUFFET
20%
À quel peintre néerlandais, né à Haarlem vers 1628, doit-on les œuvres "Le Château de Bentheim", "Le Coup de soleil" ou "Le Cimetière juif" ?Jacob Van R.......Jacob VAN RUISDAEL
15%
Quelle locution adverbiale latine désigne, en musique, de reprendre au début d'un morceau ?D. c...Da capo
10%
Quel roman d'Hervé Bazin, publié en 1972, constitue le 3e volume de sa trilogie autobiographique après "Vipère au poing" et "La Mort du petit cheval" ?Le C.. de la c.......Le Cri de la chouette
10%
Quel mot masculin désigne, en Russie et dans les steppes d'Asie centrale, les grand tumulus abritant des sépultures préhistoriques ?Un k.......Un kourgane
0%

Distribution des résultats

Percentile par nombre de réponses

% des personnes avec chaque résultat

Votre développement - résultats

Vous n’avez pas pris ce quiz